DC Character Variants - Statistics

General Stats
  • This quiz has been taken 12 times
  • The average score is 25 of 60
Answer Stats
Character Variant % Correct
Barry Allen
100%
Batman Bruce Wayne
100%
Superman Clark Kent | Kal-El
100%
Dick Grayson
100%
Dick Grayson
100%
Wally West
100%
Kid Flash Wally West
100%
Jason Todd
90%
Oliver Queen
90%
Robin Tim Drake
90%
Batgirl Barbara Gordon
80%
Damian Wayne
80%
Wonder Woman Diana Prince
80%
Aquaman Arthur Curry
70%
The Flash Jay Garrick
70%
John Stewart
60%
Kate Kane
60%
Stephanie Brown
60%
Stephanie Brown
60%
Bart Allen
50%
Bart Allen
50%
Cassandra Cain
50%
Donna Troy
50%
Reverse Flash Eobard Thawne
50%
Doctor Fate Kent Nelson
50%
Blue Beetle Ted Kord
50%
Hawkman Carter Hall
40%
Guy Gardner
40%
Jon Kent
40%
Carrie Kelley
30%
Green Arrow Connor Hawke
30%
Connor Kent | Kon-El
30%
Green Lantern Hal Jordon
30%
Kendra Saunders
30%
Alan Scott
20%
Jackson Hyde
20%
Jaime Reyes
20%
Jean-Paul Valley
20%
Jim Gordon
20%
Kyle Rayner
20%
Nubia
20%
Wallace West
20%
Wallace West
20%
Emiko Queen
10%
Hippolyta
10%
Hunter Zolomon
10%
John Henry Irons
10%
Katar Hol
10%
Batwoman Kathy Kane
10%
Shayera Hol
10%
Terry McGinnis
10%
Thomas Wayne
10%
Dan Garrett
0%
Hank Henshaw
0%
Hector Hall
0%
Jace Fox
0%
Kal-L
0%
Khalid Nassour
0%
Hawkgirl Shiera Hall
0%
Val-Zod
0%
No matching quizzes found
Score Distribution
Percent of People with Each Score
Percentile by Number Answered
Your Score History
You have not taken this quiz